000 04093nam a22004577a 4500
005 2010042404104.0
010 _aB-463948-968
020 _a9780140298833
_c350.00
035 _aB-463948-968
037 _bK.K.Pub/Ven
082 _a954
245 _aIndia another millennium? /
_cedited by Romila Thapar
260 _aNew Delhi
_bPenguin Books
_c2000
270 _a11 Community Centre, Pachsheel Park
_bNew Delhi
_e110017
300 _axxxi, 317p, :
_c22 cm. (Pbk)
500 _aincludes index
700 _aThapar, Romila
_949516
942 _2ddc
_cEN
_mTHA
_h954
999 _c35425
_d35425